Statistics for Modern-Day Countries of the Ottoman Empire on a Map

Click here to take the quiz!

General Stats

  • This quiz has been taken 12,717 times
    (11,795 since last reset)
  • The average score is 29 of 31

Answer Stats

Country % Correct
Turkey
100%
Greece
99%
Egypt
98%
Israel
98%
Syria
97%
Romania
97%
Libya
97%
Iraq
97%
Albania
96%
Algeria
96%
Tunisia
96%
Serbia
96%
Saudi Arabia
96%
Lebanon
96%
Ukraine
96%
Croatia
96%
Cyprus
96%
Bulgaria
96%
Jordan
95%
North Macedonia
95%
Bosnia and Herzegovina
95%
Kosovo
94%
Hungary
94%
Russia
93%
Slovakia
93%
Moldova
92%
Montenegro
92%
Georgia
90%
Kuwait
87%
Sudan
78%
Eritrea
74%

Score Distribution

Percentile by Number Answered

Percent of People with Each Score

Your Score History

You have not taken this quiz since the last reset